The Elgin marbles
Saved in:
| Main Author: | |
|---|---|
| Format: | Book |
| Language: | English |
| Published: |
British Museum Press
1984
|
| Tags: |
Add Tag
No Tags, Be the first to tag this record!
|
MARC
| LEADER | 00000nam a22000007a 4500 | ||
|---|---|---|---|
| 008 | 201218b ||||| |||| 00| 0 eng d | ||
| 020 | |a 0-7141-2026-X | ||
| 100 | |a COOK, Brian F | ||
| 245 | |a The Elgin marbles |c B. F. Cook |g 72p.; ill. | ||
| 260 | |b British Museum Press |c 1984 |h London |i 669616 |l NB92 .C77 |m Elgin marbles. | ||
| 942 | |a lcc |c BK |e Kuteyi, M. A. |f 17/12/2020 | ||
| 952 | |0 0 |1 0 |2 lcc |4 0 |6 NB0092 C77 |7 0 |9 750 |a HOL |b HOL |c LP |d 2020-12-18 |l 0 |o NB92 .C77 |p 2020-229964 |r 2020-12-18 00:00:00 |w 2020-12-18 |y BK | ||
| 999 | |c 423 |d 423 | ||